Tratado de la OMPI sobre interpretación o ejecución y fonogramas (WPPT)(1996) con las declaraciones concertadas relativas al tratado adoptadas por la Coferencia Diplomática y las disposiciones del Convenio de Berna (1971) y de la Convensión de Roma (1961) mencionadas en el tratado. (Registro nro. 44085)
[ vista simple ]
| 000 -CABECERA | |
|---|---|
| campo de control de longitud fija | 00756nam a2200169 a 4500 |
| 001 - NÚMERO DE CONTROL | |
| campo de control | 000044596 |
| 005 - FECHA Y HORA DE LA ÚLTIMA TRANSACCIÓN | |
| campo de control | 20201002045504.0 |
| 008 - DATOS DE LONGITUD FIJA--INFORMACIÓN GENERAL | |
| campo de control de longitud fija | 140721s1997 sp 000 0 spa d |
| 020 ## - NÚMERO INTERNACIONAL ESTÁNDAR DEL LIBRO | |
| Número Internacional Estándar del Libro | 9280507329 |
| 040 ## - FUENTE DE LA CATALOGACIÓN | |
| Centro catalogador/agencia de origen | DO-SdBNP |
| Lengua de catalogación | spa |
| Centro/agencia transcriptor | BNPHU |
| 245 00 - MENCIÓN DE TÍTULO | |
| Título | Tratado de la OMPI sobre interpretación o ejecución y fonogramas (WPPT)(1996) con las declaraciones concertadas relativas al tratado adoptadas por la Coferencia Diplomática y las disposiciones del Convenio de Berna (1971) y de la Convensión de Roma (1961) mencionadas en el tratado. |
| 260 ## - PUBLICACIÓN, DISTRIBUCIÓN, ETC. | |
| Lugar de publicación, distribución, etc. | Ginebra : |
| Nombre del editor, distribuidor, etc. | OMPI, |
| Fecha de publicación, distribución, etc. | 1997. |
| 300 ## - DESCRIPCIÓN FÍSICA | |
| Extensión | 30 p. ; |
| Dimensiones | 22 cm. |
| 490 1# - MENCIÓN DE SERIE | |
| Mención de serie | Publicación OMPI |
| Designación de volumen o secuencia | 227 |
| 710 2# - PUNTO DE ACCESO ADICIONAL--NOMBRE DE ENTIDAD CORPORATIVA | |
| Nombre de entidad corporativa o nombre de jurisdicción como elemento de entrada | Organización Mundial de la Propiedad Intelectual |
| 9 (RLIN) | 66400 |
| 830 #0 - PUNTO DE ACCESO ADICIONAL DE SERIE-TÍTULO UNIFORME | |
| Título uniforme | Publicación OMPI |
| -- | 227 |
| 9 (RLIN) | 72627 |
| Estado de retiro | Estado de pérdida | Restricciones de uso | No para préstamo | Código de colección | Localización permanente | Ubicación/localización actual | Ubicación en estantería | Fecha de adquisición | Número de inventario | Total de préstamos | Signatura topográfica completa | Código de barras | Fecha visto por última vez | Precio válido a partir de | Tipo de ítem Koha |
|---|---|---|---|---|---|---|---|---|---|---|---|---|---|---|---|
| Monografías: Libros y Folletos | General | General | Orden iniciada | 21.07.2014 | LF1 | 44596-10 | 25.06.2020 | 25.06.2020 | No se presta |
